Prírodoveda pre štvrtákov : pracovná učebnica

Bibliographic Details
Main Authors: Dobišová Adame, Rút (Author), Kováčiková, Oľga (autorka učebníc) (Author)
Other Authors: Csurma, Ladislav, 1957- (Illustrator), Gavura, Juraj (Photographer), Pepich, Ivan (Photographer), Škreka, Marcel (Photographer), Lacika, Ján, 1956- (Cartographer)
Format: Book
Language:Slovak
PhysicalDescription:112 strán farebné fotografie, farebné ilustrácie, tabuľky 30 cm
Published: Bratislava Vydavateľstvo Aitec 2018
ISBN:9788081461538
Edition:1. vydanie
Subjects:

MARC

LEADER 00000cam a2200000 4500
001 vtls011841673
003 SK-MaSNL
005 20260302022045.0
008 200612s2018 xo oa crp 000 0 slo
015 |a SNBA2019/04 
020 |a 9788081461538  |q (brožované) 
035 |a urn:nbn:sk:snk-am00dks5 
035 |a urn:nbn:sk:snk-am3i5hf 
035 |a E7C7FBC7-4A21-430B-B955-D06DE21FAC21 
040 |a SNK  |b slo  |c SNK  |e rda 
041 0 |a slo 
044 |a xo  |c SK 
072 7 |a 57/59  |x Biologické vedy  |2 konspekt 
072 7 |a 373.2/.3  |x Predškolská a primárna výchova a vzdelávanie  |2 konspekt 
080 |a 57.081.1  |2 2011 
080 |a (075.2)  |2 2011 
080 |a (076.1)  |2 2011 
100 1 |a Dobišová Adame, Rút  |4 aut  |9 161511 
245 1 0 |a Prírodoveda  |b pre štvrtákov : pracovná učebnica  |c Rút Dobišová Adame, Oľga Kováčiková 
246 3 3 |a Prírodoveda 4  |b pracovná učebnica 
250 |a 1. vydanie 
264 1 |a Bratislava  |b Vydavateľstvo Aitec  |c 2018 
300 |a 112 strán  |b farebné fotografie, farebné ilustrácie, tabuľky  |c 30 cm 
336 |a text  |b txt  |2 rdacontent 
337 |a bez média  |b n  |2 rdamedia 
338 |a zväzok  |b nc  |2 rdacarrier 
500 |a Na obálke napísané: Spracované podľa inovovaného Štátneho vzdelávacieho programu 2015 
650 0 7 |a prírodoveda  |2 SNKPH  |9 3960 
650 0 7 |a Natural history  |2 SNKPHeng  |9 278510 
655 7 |a učebnice základných škôl  |2 SNKPH  |9 70187 
655 7 |a Activity books  |2 SNKPHeng  |9 302885 
655 7 |a pracovné zošity  |2 SNKPH  |9 70188 
655 7 |a Textbooks (elementary)  |2 SNKPHeng  |9 276977 
700 1 |a Kováčiková, Oľga  |c (autorka učebníc)  |4 aut  |9 184165 
700 1 |a Csurma, Ladislav,  |d 1957-  |4 ill  |9 184168 
700 1 |a Gavura, Juraj  |4 pht  |9 345754 
700 1 |a Pepich, Ivan  |4 pht  |9 483538 
700 1 |a Škreka, Marcel  |4 pht  |9 483539 
700 1 |a Lacika, Ján,  |d 1956-  |4 ctg  |9 101502 
852 |a Štátna vedecká knižnica v Banskej Bystrici 
919 |a 978-80-8146-153-8 
999 |c 1031297  |d 1033227 
952 |a SNK  |b SNK  |y PREZ  |7 0  |p 17A1361304  |o snkSB 93934  |i snk2019/7060  |8 0  |0 0  |1 0  |4 0  |d 2019-03-14  |f 1  |l 0  |r 2025-05-15 00:00:00  |w 2026-02-24 
952 |a SNK  |b SNK  |y VYP  |7 0  |p 17A1361305  |o snkSB 93934 D1  |i snk2019/7061  |8 0  |0 0  |1 0  |4 0  |d 2019-03-14  |l 0  |r 2026-02-24 13:54:21  |w 2026-02-24